000 00772cam a22002411 4500
001 sa 68000999
003 DLC
005 20260227112429.0
008 711108s1966 pk b 00010 eng
010 _asa 68000999 //r82
025 _aPL480:EP-E-393
050 0 _aHF5500
_b.M76 1966
100 0 0 _aMuinuddin Khan,
_cMd.
245 1 0 _aEssentials of business organisation and management,
_cby Md. Muinuddin Khan.
250 _a[2d rev. ed.]
260 0 _aDacca,
_bIdeal Library
_c[1966]
300 _ax, 412, 266 p.
_c22 cm.
350 _aRs12.50
500 _a"Written in accordance with the syllabus for B. Com. pass and subsidiary students of the Universities of Pakistan."
504 _aIncludes bibliographies.
650 0 _aManagement.
650 0 _aBusiness.
999 _c77622
_d77622